[Event "8th Torneo del Vino"]
[Site "Montilla ESP"]
[Date "1978.08.??"]
[Round "1"]
[White "Ciocaltea, Victor"]
[Black "Haritver, Louis"]
[Result "1-0"]
[WhiteElo "2455"]
[BlackElo "2245"]
[EventDate "1978.08.15"]
[PlyCount "65"]

1.e4 e5 2.Nf3 Nc6 3.Bb5 a6 4.Ba4 Nf6 5.O-O Be7 6.Re1 b5 7.Bb3 d6 8.c3 O-O 
9.h3 Na5 10.Bc2 c5 11.d4 Qc7 12.Nbd2 Bd7 13.Nf1 cxd4 14.cxd4 Rac8 15.Ne3 
Rfe8 16.d5 Bf8 17.b3 Nb7 18.b4 g6 19.Bd2 Bh6 20.Rc1 Qd8 21.Kh2 Qe7 22.g3 
Rc7 23.Kg2 Rec8 24.Bb1 Bxe3 25.Rxc7 Rxc7 26.Bxe3 Rc4 27.Bd2 Qd8 28.Bd3 Rc7
29.Bg5 Kg7 30.Qd2 Qc8 31.Bxf6+ Kxf6 32.Qh6 Qg8 33.Ng5 1-0

[Event "8th Torneo del Vino"]
[Site "Montilla ESP"]
[Date "1978.08.??"]
[Round "1"]
[White "Hort, Vlastimil"]
[Black "Bellon Lopez, Juan Manuel"]
[Result "0-1"]
[WhiteElo "2620"]
[BlackElo "2350"]
[EventDate "1978.08.15"]
[PlyCount "50"]

1.e4 c6 2.d4 d5 3.exd5 cxd5 4.Bd3 g6 5.c3 Bg7 6.Bf4 Nh6 7.Nf3 O-O 8.O-O 
Nc6 9.Re1 Kh8 10.Nbd2 f6 11.b4 a6 12.a4 e5 13.Bxh6 Bxh6 14.b5 axb5 15.axb5
Rxa1 16.Qxa1 e4 17.bxc6 exd3 18.cxb7 Bxb7 19.Nb3 Bc8 20.Rd1 Bg4 21.h3 Bxf3
22.gxf3 Qd7 23.Rxd3 Rb8 24.Nd2 Qf5 25.Qf1 Bxd2 0-1

[Event "8th Torneo del Vino"]
[Site "Montilla ESP"]
[Date "1978.08.??"]
[Round "1"]
[White "Miles, Anthony John"]
[Black "Sanz Alonso, Francisco Javier"]
[Result "1-0"]
[WhiteElo "2565"]
[BlackElo "2330"]
[EventDate "1978.08.15"]
[PlyCount "97"]

1.e4 e5 2.Nf3 Nc6 3.Bc4 Bc5 4.c3 Nf6 5.d3 d6 6.b4 Bb6 7.a4 a6 8.O-O h6 9.
Nbd2 O-O 10.Ba2 Ba7 11.b5 Na5 12.Ba3 Re8 13.Qc2 Be6 14.Bxe6 Rxe6 15.Rfb1 
d5 16.Bb4 c5 17.Bxa5 Qxa5 18.b6 Rxb6 19.Nb3 Rxb3 20.Qxb3 Rd8 21.Qxb7 Bb8 
22.c4 dxc4 23.dxc4 Qc3 24.Rd1 Re8 25.Nd2 Qd4 26.h3 Nh5 27.Qc6 Rf8 28.Nf1 
Qxc4 29.Ne3 Qe2 30.Qxc5 Nf4 31.Nf5 Re8 32.Re1 Qh5 33.Qe3 g6 34.Ng3 Qg5 35.
Kh2 h5 36.Qf3 Ba7 37.Ne2 Ne6 38.Rab1 Nc5 39.Nc3 Rd8 40.Nd5 f5 41.exf5 e4 
42.Qe3 Qxe3 43.Nxe3 Nd3 44.Re2 Bxe3 45.fxe3 gxf5 46.Rb6 Re8 47.Rxa6 f4 48.
exf4 Nxf4 49.Re3 1-0

[Event "8th Torneo del Vino"]
[Site "Montilla ESP"]
[Date "1978.08.??"]
[Round "2"]
[White "Haritver, Louis"]
[Black "Hort, Vlastimil"]
[Result "0-1"]
[WhiteElo "2245"]
[BlackElo "2620"]
[EventDate "1978.08.15"]
[PlyCount "58"]

1.e4 c5 2.Nf3 e6 3.d4 cxd4 4.Nxd4 Nc6 5.Nc3 Qc7 6.f4 a6 7.Be3 b5 8.Be2 Bb7
9.Bf3 Na5 10.Qd3 Nc4 11.Nd1 Bc5 12.Bf2 Qxf4 13.Bg3 Qf6 14.Nb3 Ne5 15.Bxe5 
Qxe5 16.Nxc5 Qxc5 17.Nc3 Ne7 18.O-O-O Rd8 19.Rhe1 Qe5 20.Qd6 Nc6 21.Kb1 f6
22.Re2 Qxd6 23.Rxd6 Ke7 24.Red2 Ne5 25.b3 Nc6 26.Nd1 g5 27.Nf2 h5 28.h3 
Rhg8 29.Be2 g4 0-1

[Event "8th Torneo del Vino"]
[Site "Montilla ESP"]
[Date "1978.08.??"]
[Round "2"]
[White "Miles, Anthony John"]
[Black "Spassky, Boris"]
[Result "1-0"]
[WhiteElo "2565"]
[BlackElo "2630"]
[EventDate "1978.08.15"]
[PlyCount "55"]

1.d4 Nf6 2.Nf3 b6 3.c4 e6 4.Bf4 Bb7 5.e3 Be7 6.h3 O-O 7.Nc3 d5 8.cxd5 exd5
9.Bd3 c5 10.O-O Nc6 11.Ne5 c4 12.Bc2 a6 13.g4 b5 14.g5 Ne8 15.Qg4 g6 16.
Rad1 Ng7 17.h4 Bb4 18.Nd7 Bc8 19.Nxd5 Kh8 20.N5f6 Ra7 21.d5 Ne7 22.Be5 
Rxd7 23.h5 Rxd5 24.Qf4 Rxd1 25.Rxd1 Qa5 26.Ne8 f6 27.gxf6 Kg8 28.Nxg7 1-0

[Event "8th Torneo del Vino"]
[Site "Montilla ESP"]
[Date "1978.08.??"]
[Round "2"]
[White "Sanz Alonso, Francisco Javier"]
[Black "Bellon Lopez, Juan Manuel"]
[Result "1/2-1/2"]
[WhiteElo "2330"]
[BlackElo "2350"]
[EventDate "1978.08.15"]
[PlyCount "82"]

1.e4 d5 2.exd5 Qxd5 3.Nc3 Qa5 4.d4 Nf6 5.Nf3 Bg4 6.h3 Bh5 7.g4 Bg6 8.Ne5 
Nbd7 9.Nc4 Qa6 10.Bf4 Qe6+ 11.Qe2 Qxe2+ 12.Bxe2 O-O-O 13.O-O-O e6 14.Bf3 
c6 15.Rhe1 h5 16.g5 Nd5 17.Nd6+ Bxd6 18.Bxd6 Nxc3 19.bxc3 Bf5 20.h4 Nb6 
21.Be5 Rh7 22.Be4 Bxe4 23.Rxe4 Nd5 24.Rd3 b5 25.Bg3 Kd7 26.c4 bxc4 27.Ra3 
Ra8 28.g6 fxg6 29.Re5 a5 30.Rg5 a4 31.Rxg6 c3 32.Be5 Ke7 33.Kd1 Kf7 34.Rg3
Ra7 35.Ke2 Kg8 36.Kd3 Ra5 37.Rg1 Kf7 38.Kc4 Rb5 39.Kd3 Ra5 40.Rg3 Kg8 41.
Ke4 Kf7 1/2-1/2

[Event "8th Torneo del Vino"]
[Site "Montilla ESP"]
[Date "1978.08.??"]
[Round "2"]
[White "Visier Segovia, Fernando"]
[Black "Gligoric, Svetozar"]
[Result "0-1"]
[WhiteElo "2360"]
[BlackElo "2565"]
[EventDate "1978.08.15"]
[PlyCount "80"]

1.d4 Nf6 2.c4 g6 3.Nc3 d5 4.Bf4 Bg7 5.e3 O-O 6.Rc1 c5 7.dxc5 Be6 8.Nf3 Nc6
9.Be2 Qa5 10.O-O dxc4 11.Ng5 Rfd8 12.Qa4 Qxa4 13.Nxa4 Bd7 14.Bxc4 Be8 15.
Bb3 Nh5 16.Bg3 Nxg3 17.hxg3 Ne5 18.Rfd1 h6 19.Rxd8 Rxd8 20.Nf3 Nxf3+ 21.
gxf3 Rc8 22.Bd1 b5 23.Nc3 Rxc5 24.a3 a5 25.Be2 b4 26.axb4 axb4 27.Na2 
Rxc1+ 28.Nxc1 Bxb2 29.Nb3 Bc6 30.e4 e5 31.Kf1 Kf8 32.Bc4 Ke7 33.Ke2 h5 34.
Ke3 g5 35.f4 exf4+ 36.gxf4 g4 37.f5 f6 38.Bf1 Ba4 39.Nc5 Bc1+ 40.Kd4 Bd1 
0-1

[Event "8th Torneo del Vino"]
[Site "Montilla ESP"]
[Date "1978.08.??"]
[Round "3"]
[White "Bellon Lopez, Juan Manuel"]
[Black "Haritver, Louis"]
[Result "1-0"]
[WhiteElo "2350"]
[BlackElo "2245"]
[EventDate "1978.08.15"]
[PlyCount "45"]

1.Nf3 d5 2.b3 Nf6 3.Bb2 g6 4.g3 Bg7 5.Bg2 O-O 6.d3 c5 7.c4 d4 8.b4 cxb4 9.
Nxd4 Ne8 10.e3 Nc7 11.a3 Nca6 12.O-O Nd7 13.Qe2 Ndc5 14.Rd1 Bd7 15.axb4 
Nxb4 16.Nc3 e5 17.Nc2 Nc6 18.Ba3 b6 19.Nb4 Qc8 20.Nb5 Nxb4 21.Bxb4 Bc6 22.
Nxa7 Rxa7 23.Rxa7 1-0

[Event "8th Torneo del Vino"]
[Site "Montilla ESP"]
[Date "1978.08.??"]
[Round "3"]
[White "Ciocaltea, Victor"]
[Black "Visier Segovia, Fernando"]
[Result "1/2-1/2"]
[WhiteElo "2455"]
[BlackElo "2360"]
[EventDate "1978.08.15"]
[PlyCount "78"]

1.e4 c5 2.Nf3 e6 3.c3 Nf6 4.e5 Nd5 5.d4 cxd4 6.cxd4 d6 7.a3 Nc6 8.Bd3 Be7 
9.O-O O-O 10.Re1 a5 11.Bc2 dxe5 12.dxe5 Qc7 13.Qd3 g6 14.Bh6 Rd8 15.Qe4 b6
16.Nbd2 Bb7 17.Rac1 Rac8 18.Qg4 b5 19.h4 Bf8 20.Bxf8 Rxf8 21.h5 Kg7 22.
hxg6 hxg6 23.Ng5 Qd7 24.Ndf3 Nce7 25.Ne4 Rc4 26.Bb3 f5 27.exf6+ Nxf6 28.
Nxf6 Rxg4 29.Nxd7 Bxf3 30.Nxf8 Rxg2+ 31.Kh1 Rg4+ 32.Kh2 Nf5 33.Rc7+ Kxf8 
34.Rh7 Rg2+ 35.Kh3 g5 36.Rh8+ Kg7 37.Rg8+ Kxg8 38.Bxe6+ Kg7 39.Bxf5 Kf6 
1/2-1/2

[Event "8th Torneo del Vino"]
[Site "Montilla ESP"]
[Date "1978.08.??"]
[Round "3"]
[White "Gligoric, Svetozar"]
[Black "Miles, Anthony John"]
[Result "1/2-1/2"]
[WhiteElo "2565"]
[BlackElo "2565"]
[EventDate "1978.08.15"]
[PlyCount "54"]

1.d4 d5 2.c4 dxc4 3.Nf3 Nf6 4.e3 Bg4 5.Bxc4 e6 6.Nc3 Nbd7 7.O-O Bd6 8.h3 
Bh5 9.e4 e5 10.Be2 O-O 11.dxe5 Nxe5 12.Nd4 Bxe2 13.Qxe2 Ng6 14.Nf5 Be5 15.
Bg5 Qe8 16.Rae1 Qe6 17.f4 Bxc3 18.bxc3 Rae8 19.Ng3 Qc6 20.Bxf6 Qxf6 21.e5 
Qb6+ 22.Kh2 Qc6 23.Ne4 f5 24.exf6 gxf6 25.f5 Ne5 26.Rf4 Kh8 27.Rh4 Re7 
1/2-1/2

[Event "8th Torneo del Vino"]
[Site "Montilla ESP"]
[Date "1978.08.??"]
[Round "3"]
[White "Spassky, Boris"]
[Black "Sanz Alonso, Francisco Javier"]
[Result "1-0"]
[WhiteElo "2630"]
[BlackElo "2330"]
[EventDate "1978.08.15"]
[PlyCount "81"]

1.e4 e5 2.Nf3 Nc6 3.Bb5 Nge7 4.c3 g6 5.d4 Bg7 6.d5 a6 7.Be2 Na7 8.c4 d6 9.
Nc3 O-O 10.h4 f5 11.h5 f4 12.Bd2 h6 13.hxg6 Nxg6 14.Qb3 Rb8 15.a4 Bd7 16.
a5 Kh8 17.Qa3 Nc8 18.b4 Qf6 19.b5 Rg8 20.Rb1 Ra8 21.bxa6 bxa6 22.Rb7 Qd8 
23.Kd1 Na7 24.Kc2 Bc8 25.Rbb1 Bf8 26.Rh2 Kh7 27.Qa1 Qe7 28.Rbh1 Rb8 29.g3 
Bd7 30.Rh5 Rh8 31.gxf4 Nxf4 32.Bxf4 exf4 33.e5 Bg7 34.Rg1 dxe5 35.Rxe5 Qb4
36.Bd3+ Kg8 37.Rb1 Qf8 38.Rxb8 Qxb8 39.Re7 Qd8 40.Rxg7+ Kxg7 41.Ne4+ 1-0

[Event "8th Torneo del Vino"]
[Site "Montilla ESP"]
[Date "1978.08.??"]
[Round "4"]
[White "Sanz Alonso, Francisco Javier"]
[Black "Haritver, Louis"]
[Result "1-0"]
[WhiteElo "2330"]
[BlackElo "2245"]
[EventDate "1978.08.15"]
[PlyCount "81"]

1.e4 c5 2.c3 d5 3.exd5 Qxd5 4.d4 e6 5.Nf3 Nf6 6.Bd3 Nc6 7.O-O cxd4 8.cxd4 
Be7 9.Nc3 Qd8 10.Re1 O-O 11.a3 Re8 12.Bc2 Bf8 13.Bg5 Ne7 14.Ne5 Ng6 15.Qf3
Be7 16.Rad1 Rf8 17.h4 Nd5 18.Nxg6 fxg6 19.Nxd5 Bxg5 20.Qg4 exd5 21.Qxg5 
Qxg5 22.hxg5 Bd7 23.Re5 Bc6 24.b4 a6 25.a4 Rac8 26.Bb3 Rf5 27.b5 axb5 28.
axb5 Bxb5 29.Bxd5+ Kf8 30.Rxf5+ gxf5 31.Bxb7 Rc2 32.Bf3 Ke7 33.Kh2 Ra2 34.
Kg3 Kd6 35.Rb1 Bd7 36.Rh1 Rd2 37.Rxh7 Rxd4 38.Rxg7 f4+ 39.Kh4 Rd2 40.g6 
Rxf2 41.Rxd7+ 1-0

[Event "8th Torneo del Vino"]
[Site "Montilla ESP"]
[Date "1978.08.??"]
[Round "4"]
[White "Visier Segovia, Fernando"]
[Black "Hort, Vlastimil"]
[Result "0-1"]
[WhiteElo "2360"]
[BlackElo "2620"]
[EventDate "1978.08.15"]
[PlyCount "78"]

1.d4 Nf6 2.c4 g6 3.Nc3 d5 4.Bf4 Bg7 5.e3 O-O 6.Rc1 c6 7.Nf3 Be6 8.b3 Nbd7 
9.Be2 h6 10.h3 Qa5 11.O-O Ne4 12.Nxe4 dxe4 13.Nd2 f5 14.Qc2 Rae8 15.Kh1 
Bf7 16.b4 Qd8 17.Rfd1 Qc8 18.f3 g5 19.Bh2 Bh5 20.Nb3 exf3 21.Bxf3 Bxf3 22.
gxf3 Nf6 23.Qg2 Qe6 24.Be5 b6 25.f4 Ne4 26.d5 cxd5 27.cxd5 Qf7 28.Bxg7 
Kxg7 29.Nd4 Qxd5 30.Kh2 Kh7 31.Nf3 Qe6 32.Ne5 Rc8 33.Rxc8 Rxc8 34.Rd7 a5 
35.bxa5 bxa5 36.Qb2 Rc3 37.Rd8 a4 38.Nd7 Qc6 39.Nf8+ Kg7 0-1

[Event "8th Torneo del Vino"]
[Site "Montilla ESP"]
[Date "1978.08.??"]
[Round "5"]
[White "Bellon Lopez, Juan Manuel"]
[Black "Visier Segovia, Fernando"]
[Result "1/2-1/2"]
[WhiteElo "2350"]
[BlackElo "2360"]
[EventDate "1978.08.15"]
[PlyCount "90"]

1.e4 c5 2.Nf3 Nc6 3.Bb5 e6 4.O-O Nge7 5.b3 Ng6 6.Re1 Be7 7.Bb2 O-O 8.Nc3 
Qc7 9.Bf1 a6 10.d4 cxd4 11.Nxd4 Nxd4 12.Qxd4 Bf6 13.Qd2 b6 14.Rad1 Rd8 15.
Qd6 Qxd6 16.Rxd6 Be7 17.Rd2 Bb7 18.Na4 b5 19.Nb6 Rab8 20.Nxd7 Rbc8 21.Red1
Bxe4 22.c4 Bc6 23.Ne5 Nxe5 24.Bxe5 Rxd2 25.Rxd2 Rd8 26.Rxd8+ Bxd8 27.Bd6 
Bb6 28.Bd3 Bd4 29.Kf1 f5 30.Ke2 Kf7 31.f3 Kf6 32.cxb5 axb5 33.Bc2 e5 34.
Bb4 e4 35.fxe4 fxe4 36.Be1 Ke5 37.Bg3+ Kd5 38.Be1 Ke5 39.Bd2 h6 40.Be3 b4 
41.Bd1 Bb5+ 42.Kd2 g5 43.g3 Bd3 44.Bh5 Bc3+ 45.Kc1 Bd4 1/2-1/2

[Event "8th Torneo del Vino"]
[Site "Montilla ESP"]
[Date "1978.08.??"]
[Round "5"]
[White "Ciocaltea, Victor"]
[Black "Spassky, Boris"]
[Result "1/2-1/2"]
[WhiteElo "2455"]
[BlackElo "2630"]
[EventDate "1978.08.15"]
[PlyCount "26"]

1.e4 e5 2.Nf3 Nc6 3.Bb5 Nd4 4.Nxd4 exd4 5.O-O Bc5 6.d3 Ne7 7.Qh5 Bb6 8.Bg5
O-O 9.Nd2 f6 10.Bh4 c6 11.Ba4 d5 12.exd5 Nxd5 13.Bb3 Be6 1/2-1/2

[Event "8th Torneo del Vino"]
[Site "Montilla ESP"]
[Date "1978.08.??"]
[Round "5"]
[White "Gligoric, Svetozar"]
[Black "Sanz Alonso, Francisco Javier"]
[Result "1-0"]
[WhiteElo "2565"]
[BlackElo "2330"]
[EventDate "1978.08.15"]
[PlyCount "115"]

1.d4 Nf6 2.c4 e6 3.Nc3 Bb4 4.e3 b6 5.Bd3 Bb7 6.Nf3 Ne4 7.O-O Bxc3 8.bxc3 
O-O 9.Ne1 d5 10.cxd5 exd5 11.f3 Nf6 12.Rb1 Re8 13.Rb2 Qd7 14.g4 g6 15.Ng2 
c5 16.Nf4 Qd6 17.Qe1 cxd4 18.cxd4 Nc6 19.Qh4 Na5 20.Rg2 Rac8 21.Qh6 Qf8 
22.Qxf8+ Rxf8 23.g5 Nh5 24.Nxh5 gxh5 25.e4 Rc3 26.Bb1 Ba6 27.Re1 Rxf3 28.
Rg3 Rxg3+ 29.hxg3 Bb7 30.exd5 Bxd5 31.Ba3 Rd8 32.Be7 Re8 33.Kf2 Nc4 34.Bf5
Nb2 35.a3 a5 36.Re5 Be6 37.Bf6 Rb8 38.Ke2 Bxf5 39.Rxf5 b5 40.d5 Nc4 41.Kd3
Kf8 42.a4 Ke8 43.axb5 Nb6 44.Be5 Rb7 45.d6 a4 46.Bb2 Nc8 47.Ba3 Rb6 48.Rd5
Kd7 49.Kc4 Rb7 50.Bc5 a3 51.Rd2 a2 52.Rxa2 Nxd6+ 53.Bxd6 Kxd6 54.Ra6+ Kd7 
55.Rf6 Ke8 56.Rh6 Re7 57.Kd4 Re1 58.Rxh5 1-0

[Event "8th Torneo del Vino"]
[Site "Montilla ESP"]
[Date "1978.08.??"]
[Round "5"]
[White "Hort, Vlastimil"]
[Black "Miles, Anthony John"]
[Result "1-0"]
[WhiteElo "2620"]
[BlackElo "2565"]
[EventDate "1978.08.15"]
[PlyCount "57"]

1.d4 Nf6 2.c4 g6 3.Nc3 d5 4.Nf3 Bg7 5.Bg5 Ne4 6.cxd5 Nxg5 7.Nxg5 e6 8.Qd2 
exd5 9.Qe3+ Kf8 10.Qf4 Bf6 11.h4 Kg7 12.e4 dxe4 13.O-O-O Qd6 14.Qxd6 cxd6 
15.Ngxe4 Nc6 16.Nxf6 Kxf6 17.Ne4+ Ke7 18.Bc4 Na5 19.Bd5 Bf5 20.b3 Rac8+ 
21.Kb2 Nc6 22.Rhe1 Nb4 23.Nc3+ Kf6 24.Bxb7 Rc7 25.Be4 Rhc8 26.Bxf5 gxf5 
27.Re3 f4 28.Rf3 Kf5 29.Rd2 1-0

[Event "8th Torneo del Vino"]
[Site "Montilla ESP"]
[Date "1978.08.??"]
[Round "6"]
[White "Gligoric, Svetozar"]
[Black "Ciocaltea, Victor"]
[Result "1/2-1/2"]
[WhiteElo "2565"]
[BlackElo "2455"]
[EventDate "1978.08.15"]
[PlyCount "40"]

1.d4 g6 2.e4 Bg7 3.Nf3 d6 4.Be2 Nf6 5.Nc3 O-O 6.O-O c6 7.a3 a5 8.Bf4 Na6 
9.Qd2 d5 10.e5 Ne8 11.Bh6 Nac7 12.Na4 Ne6 13.c4 dxc4 14.Bxc4 Nxd4 15.Nxd4 
Bxh6 16.Qxh6 Qxd4 17.Bb3 Qxe5 18.Rfe1 Qf6 19.Nb6 Rb8 20.Qe3 Nd6 1/2-1/2

[Event "8th Torneo del Vino"]
[Site "Montilla ESP"]
[Date "1978.08.??"]
[Round "6"]
[White "Miles, Anthony John"]
[Black "Bellon Lopez, Juan Manuel"]
[Result "1/2-1/2"]
[WhiteElo "2565"]
[BlackElo "2350"]
[EventDate "1978.08.15"]
[PlyCount "114"]

1.d4 d5 2.Nf3 Nd7 3.c4 dxc4 4.e4 Nb6 5.Bxc4 Nxc4 6.Qa4+ c6 7.Qxc4 Nf6 8.
Nc3 b5 9.Qe2 b4 10.Na4 Qa5 11.b3 Qb5 12.Qc2 Nd7 13.Bb2 e6 14.O-O-O Be7 15.
Kb1 O-O 16.d5 cxd5 17.Nd4 Qa6 18.exd5 exd5 19.Rhe1 Bf6 20.Qc7 Bd8 21.Qc6 
Qxc6 22.Nxc6 Nb6 23.Nxb6 Bxb6 24.Bd4 Bxd4 25.Rxd4 a5 26.Ne7+ Kh8 27.Nxc8 
Rfxc8 28.Rxd5 g6 29.Ree5 a4 30.Re4 axb3 31.axb3 Rcb8 32.Rd7 Re8 33.Rxe8+ 
Rxe8 34.Rxf7 Re2 35.h4 Kg8 36.Rf4 h5 37.g3 Kg7 38.f3 Re3 39.Kc2 Rc3+ 40.
Kb2 Re3 41.g4 g5 42.Rxb4 gxh4 43.gxh5 Re2+ 44.Ka3 Rh2 45.Rb6 Rg2 46.Rb4 
Rh2 47.Rc4 Kh6 48.b4 Kxh5 49.b5 Rg2 50.b6 Rg8 51.Rc5+ Kh6 52.Ka4 h3 53.Rc1
Kh5 54.Rh1 Kh4 55.Kb5 Rf8 56.Rf1 Kg3 57.b7 Kg2 1/2-1/2

[Event "8th Torneo del Vino"]
[Site "Montilla ESP"]
[Date "1978.08.??"]
[Round "6"]
[White "Spassky, Boris"]
[Black "Hort, Vlastimil"]
[Result "1/2-1/2"]
[WhiteElo "2630"]
[BlackElo "2620"]
[EventDate "1978.08.15"]
[PlyCount "26"]

1.d4 Nf6 2.Nf3 g6 3.Bf4 Bg7 4.e3 O-O 5.Be2 d6 6.O-O Nbd7 7.Nc3 c6 8.a4 a5 
9.h3 Qb6 10.Qc1 Re8 11.Rd1 d5 12.Bh2 Nf8 13.Ne5 N6d7 1/2-1/2

[Event "8th Torneo del Vino"]
[Site "Montilla ESP"]
[Date "1978.08.??"]
[Round "6"]
[White "Visier Segovia, Fernando"]
[Black "Haritver, Louis"]
[Result "1-0"]
[WhiteElo "2360"]
[BlackElo "2245"]
[EventDate "1978.08.15"]
[PlyCount "78"]

1.d4 d5 2.Nf3 Nf6 3.c4 e6 4.g3 g6 5.Bg2 Bg7 6.O-O O-O 7.Qc2 Nbd7 8.Bf4 c6 
9.Nbd2 Re8 10.Bd6 Ne4 11.Nxe4 dxe4 12.Ne5 f5 13.c5 Nf6 14.b4 Nd5 15.Qb3 
Qf6 16.b5 cxb5 17.Qxb5 Rd8 18.e3 Bh6 19.Rfe1 a5 20.Nc4 Qf7 21.Bf1 Qd7 22.
Qb2 Bg7 23.Nb6 Nxb6 24.Qxb6 Bf6 25.Rab1 Qc6 26.Qxc6 bxc6 27.Bc4 Kf7 28.Rb6
Bd7 29.Rb7 Ke8 30.Reb1 h5 31.Kg2 g5 32.Rc7 Rac8 33.Rxd7 Kxd7 34.Rb7+ Ke8 
35.Bxe6 Rxd6 36.Bxc8 Rd8 37.Bxf5 Be7 38.Bxe4 Kf7 39.Bxc6 Kg6 1-0

[Event "8th Torneo del Vino"]
[Site "Montilla ESP"]
[Date "1978.08.??"]
[Round "7"]
[White "Ciocaltea, Victor"]
[Black "Sanz Alonso, Francisco Javier"]
[Result "1/2-1/2"]
[WhiteElo "2455"]
[BlackElo "2330"]
[EventDate "1978.08.15"]
[PlyCount "138"]

1.e4 e5 2.Nf3 Nc6 3.Bb5 Nge7 4.c3 g6 5.d4 exd4 6.cxd4 d5 7.exd5 Nxd5 8.O-O
Bg7 9.Qe2+ Be6 10.Bg5 Qd6 11.Nbd2 O-O 12.Ne4 Qb4 13.a3 Qa5 14.Bxc6 bxc6 
15.Ne5 Rfe8 16.Rac1 Qb5 17.Qxb5 cxb5 18.Bd2 f6 19.Nf3 Rad8 20.Rfe1 Bg4 21.
Rc5 Bxf3 22.gxf3 f5 23.Rxd5 Rxd5 24.Nf6+ Bxf6 25.Rxe8+ Kf7 26.Rc8 Rd7 27.
Bc3 Ke6 28.d5+ Kf7 29.Bxf6 Kxf6 30.Ra8 Ke5 31.Rxa7 Kxd5 32.Kf1 Re7 33.b3 
Kc5 34.a4 Kb6 35.Ra8 bxa4 36.Rxa4 c5 37.Rh4 Kb5 38.Ra4 Rb7 39.Rc4 Kc6 40.
Rc3 Rb4 41.Rd3 Rh4 42.Kg2 Kb5 43.Rd8 Rb4 44.Rb8+ Kc6 45.Rc8+ Kd5 46.Rd8+ 
Ke5 47.Rd3 Rd4 48.Re3+ Kd6 49.Re8 Kc6 50.Rc8+ Kb6 51.Rb8+ Kc7 52.Rb5 Kc6 
53.Rb8 Rd1 54.Rc8+ Kb6 55.Rb8+ Kc7 56.Rh8 Rd7 57.Kg3 Kc6 58.Kf4 Kd5 59.Ke3
Rb7 60.Rd8+ Ke6 61.Rd3 g5 62.f4 g4 63.f3 h5 64.Kf2 h4 65.Kg2 Rb4 66.Re3+ 
Kd6 67.fxg4 fxg4 68.f5 Kd5 69.f6 Rf4 1/2-1/2

[Event "8th Torneo del Vino"]
[Site "Montilla ESP"]
[Date "1978.08.??"]
[Round "7"]
[White "Haritver, Louis"]
[Black "Miles, Anthony John"]
[Result "0-1"]
[WhiteElo "2245"]
[BlackElo "2565"]
[EventDate "1978.08.15"]
[PlyCount "68"]

1.e4 c5 2.Nf3 Nc6 3.d4 cxd4 4.Nxd4 g6 5.Nc3 Bg7 6.Be3 Nf6 7.f3 O-O 8.Bc4 
Qb6 9.Bb3 Ng4 10.fxg4 Bxd4 11.Bxd4 Qxd4 12.Qe2 d6 13.Rd1 Qe5 14.h3 Qg3+ 
15.Qf2 Qxf2+ 16.Kxf2 Bd7 17.Rhe1 Rfd8 18.Nd5 Kf8 19.c3 Rac8 20.Kg3 Na5 21.
Re3 Rc5 22.Rf3 Nc4 23.Bxc4 Rxc4 24.Rd4 Rdc8 25.Ne3 R4c5 26.Rd5 Be6 27.Rd2 
Re5 28.Rd4 Bxa2 29.Ra4 Bb1 30.Rf4 a6 31.h4 h6 32.Kf3 Rb5 33.Rc4 Rxc4 34.
Nxc4 Ba2 0-1

[Event "8th Torneo del Vino"]
[Site "Montilla ESP"]
[Date "1978.08.??"]
[Round "7"]
[White "Hort, Vlastimil"]
[Black "Gligoric, Svetozar"]
[Result "1/2-1/2"]
[WhiteElo "2620"]
[BlackElo "2565"]
[EventDate "1978.08.15"]
[PlyCount "37"]

1.d4 Nf6 2.c4 e6 3.Nf3 b6 4.g3 Bb4+ 5.Bd2 Bxd2+ 6.Qxd2 Ba6 7.Qc2 O-O 8.Bg2
d5 9.cxd5 exd5 10.O-O c5 11.Nc3 Nc6 12.Rfd1 Rc8 13.Qa4 Bb7 14.Rac1 a6 15.
dxc5 bxc5 16.e3 Qe7 17.Rd2 Rfd8 18.Rcd1 h6 19.h3 1/2-1/2

[Event "8th Torneo del Vino"]
[Site "Montilla ESP"]
[Date "1978.08.??"]
[Round "8"]
[White "Ciocaltea, Victor"]
[Black "Hort, Vlastimil"]
[Result "1/2-1/2"]
[WhiteElo "2455"]
[BlackElo "2620"]
[EventDate "1978.08.15"]
[PlyCount "37"]

1.e4 e5 2.Nf3 Nc6 3.Bb5 a6 4.Ba4 Nf6 5.O-O Be7 6.Re1 b5 7.Bb3 d6 8.c3 O-O 
9.h3 Nb8 10.d4 Nbd7 11.Nbd2 Bb7 12.Bc2 Re8 13.Nf1 Bf8 14.Ng3 g6 15.a4 c5 
16.d5 c4 17.Bg5 h6 18.Be3 Nc5 19.Qd2 1/2-1/2

[Event "8th Torneo del Vino"]
[Site "Montilla ESP"]
[Date "1978.08.??"]
[Round "8"]
[White "Sanz Alonso, Francisco Javier"]
[Black "Visier Segovia, Fernando"]
[Result "1/2-1/2"]
[WhiteElo "2330"]
[BlackElo "2360"]
[EventDate "1978.08.15"]
[PlyCount "28"]

1.e4 c5 2.c3 Nf6 3.e5 Nd5 4.d4 cxd4 5.cxd4 d6 6.Nf3 Nc6 7.Bc4 Nb6 8.Bb5 d5
9.Nc3 Bg4 10.h3 Bxf3 11.Qxf3 e6 12.O-O Rc8 13.Rd1 a6 14.Bxc6+ Rxc6 1/2-1/2

[Event "8th Torneo del Vino"]
[Site "Montilla ESP"]
[Date "1978.08.??"]
[Round "9"]
[White "Bellon Lopez, Juan Manuel"]
[Black "Ciocaltea, Victor"]
[Result "1-0"]
[WhiteElo "2350"]
[BlackElo "2455"]
[EventDate "1978.08.15"]
[PlyCount "45"]

1.e4 Nf6 2.Nc3 d6 3.d4 g6 4.Bc4 Bg7 5.Qe2 Nc6 6.Nf3 Bg4 7.Be3 O-O 8.O-O-O 
Nd7 9.h3 Bxf3 10.gxf3 Nb6 11.f4 e6 12.f5 exf5 13.exf5 d5 14.Bb3 Na5 15.h4 
gxf5 16.Rdg1 Kh8 17.Rxg7 Nxb3+ 18.axb3 Kxg7 19.Rg1+ Kh8 20.Bh6 Rg8 21.Qe5+
f6 22.Rxg8+ Kxg8 23.Qe6+ 1-0

[Event "8th Torneo del Vino"]
[Site "Montilla ESP"]
[Date "1978.08.??"]
[Round "9"]
[White "Haritver, Louis"]
[Black "Gligoric, Svetozar"]
[Result "0-1"]
[WhiteElo "2245"]
[BlackElo "2565"]
[EventDate "1978.08.15"]
[PlyCount "48"]

1.e4 c5 2.b4 cxb4 3.a3 d5 4.e5 Nc6 5.d4 Qb6 6.Be3 e6 7.axb4 Qxb4+ 8.c3 Qb2
9.Qa4 Bd7 10.Qa2 Qxa2 11.Rxa2 Nge7 12.g4 a6 13.Bd3 h5 14.f3 Nc8 15.Ne2 
N6a7 16.Nf4 hxg4 17.fxg4 Bb5 18.Bc2 Nb6 19.Nd2 Rc8 20.Ne2 Rh3 21.Ng3 Rxc3 
22.Kf2 Nc4 23.Nxc4 Bxc4 24.Bd2 Rcxg3 0-1

[Event "8th Torneo del Vino"]
[Site "Montilla ESP"]
[Date "1978.08.??"]
[Round "9"]
[White "Hort, Vlastimil"]
[Black "Sanz Alonso, Francisco Javier"]
[Result "1/2-1/2"]
[WhiteElo "2620"]
[BlackElo "2330"]
[EventDate "1978.08.15"]
[PlyCount "84"]

1.c4 c5 2.Nf3 Nf6 3.Nc3 d5 4.cxd5 Nxd5 5.Qc2 Nc6 6.e3 g6 7.Nxd5 Qxd5 8.Qc3
Rg8 9.Bc4 Qd6 10.Ng5 Ne5 11.Ne4 Qc7 12.d4 Nxc4 13.Qxc4 b6 14.O-O Bg7 15.
dxc5 Be6 16.Qb4 Rb8 17.Rd1 Qc6 18.f3 Bf5 19.cxb6 Bxe4 20.fxe4 Rxb6 21.Qa5 
Qc7 22.Qd5 Qc8 23.Bd2 Bxb2 24.Rab1 Kf8 25.Ba5 Rd6 26.Qb5 Rxd1+ 27.Rxd1 Qc2
28.Rd2 Qc1+ 29.Kf2 Bc3 30.Bxc3 Qxc3 31.Qb2 Qxb2 32.Rxb2 Kg7 33.Rb7 Rc8 34.
Rxa7 Rc2+ 35.Kf3 e5 36.a4 Ra2 37.h4 h5 38.a5 Kf6 39.a6 Ke6 40.Ra8 Kf6 41.
a7 Ke7 42.Kg3 Kf6 1/2-1/2

[Event "8th Torneo del Vino"]
[Site "Montilla ESP"]
[Date "1978.08.??"]
[Round "9"]
[White "Visier Segovia, Fernando"]
[Black "Miles, Anthony John"]
[Result "1/2-1/2"]
[WhiteElo "2360"]
[BlackElo "2565"]
[EventDate "1978.08.15"]
[PlyCount "141"]

1.d4 e6 2.Nf3 Nf6 3.Bg5 c5 4.e3 Qb6 5.Qc1 Ne4 6.Bf4 d5 7.c3 Bd7 8.Nbd2 
Nxd2 9.Qxd2 Bb5 10.Bxb5+ Qxb5 11.Qe2 Qxe2+ 12.Kxe2 Nc6 13.Rhc1 f6 14.c4 g5
15.cxd5 exd5 16.Bg3 g4 17.Nh4 cxd4 18.exd4 Nxd4+ 19.Kf1 Nc6 20.Rd1 Rd8 21.
Rd3 Kf7 22.Rad1 d4 23.Nf5 Bc5 24.Rc1 b6 25.a3 Ne5 26.Nh6+ Kg6 27.Bxe5 fxe5
28.Nxg4 e4 29.Rh3 Rhe8 30.b4 h5 31.Nf6 Kxf6 32.bxc5 Rd5 33.cxb6 axb6 34.
Rc6+ Re6 35.Rxe6+ Kxe6 36.Rh4 Ra5 37.Rxe4+ Kd5 38.Re8 Rxa3 39.Ke2 Ra2+ 40.
Kd3 Ra3+ 41.Kd2 b5 42.f4 b4 43.f5 Ra2+ 44.Kd3 Rxg2 45.Rd8+ Ke5 46.Rb8 Rxh2
47.Rb5+ Kf6 48.Rxb4 Rh3+ 49.Kc4 Rh4 50.Kd3 Kxf5 51.Rb5+ Kf4 52.Kxd4 Rh3 
53.Rb8 Ra3 54.Rf8+ Kg3 55.Ke4 h4 56.Rg8+ Kf2 57.Rf8+ Ke2 58.Rb8 Kf2 59.Kf4
Rg3 60.Rb2+ Kg1 61.Ra2 Rg2 62.Ra1+ Kh2 63.Kf3 h3 64.Ra8 Rg7 65.Ra2+ Kh1 
66.Ra1+ Rg1 67.Ra2 h2 68.Rb2 Ra1 69.Kg3 Ra3+ 70.Kf2 Ra2 71.Rxa2 1/2-1/2